| 000 | 01444nam0a2200349 4500 | ||
|---|---|---|---|
| 001 | RU\NLR\bibl\1828876 | ||
| 005 | 20250630113732.0 | ||
| 010 |
_a978-5-91844-028-5 _9500 |
||
| 021 |
_aRU _b2011-78091 _95559 |
||
| 035 | _a(NLR Aleph) 001819390 | ||
| 035 | _a(nilc)RSL-KNO-005034290 | ||
| 090 |
_a1983992 _c1983992 |
||
| 100 | _a20111010d2011 |||y0rusy50 ca | ||
| 101 | 0 | _arus | |
| 102 | _aRU | ||
| 105 | _aa ||||||||| | ||
| 200 | 1 |
_aОрганы лютеранской церкви св. Петра в Санкт-Петербурге _fП. Н. Кравчун |
|
| 210 |
_aСанкт-Петербург _cРоза мира _d2011 |
||
| 215 |
_a120 с. _cил., портр. _d21 |
||
| 320 | _aБиблиогр. в примеч.: с. 111-120 | ||
| 601 | 0 | 2 |
_aЛютеранская церковь св. Петра _cСанкт-Петербург, город _xОрганы (муз.) _92101179 _3RU\NLR\auth\661574365 |
| 686 |
_aЭ376.110.9(2Р-4Ле-2С.-Петербург)-655.11,0 _2rubbk |
||
| 686 | _aЩ310.715.43 | ||
| 700 | 1 |
_aКравчун _bП. Н. _gПавел Николаевич _4070 |
|
| 801 | 0 |
_aRU _bRuMoRKP _c20111010 _grcr |
|
| 801 | 1 |
_aRU _bРГБ _c20111010 |
|
| 801 | 2 |
_aRU _bNLR _c20111102 _grcr |
|
| 830 | _aпо кн | ||
| 942 | _cBOOK | ||
| 980 | _aNB | ||
| 980 | _aNBR | ||